Größte Städte in Frankreich - Statistiken

Allgemein
  • Dieses Quiz wurde 110 mal gespielt
    64 seit der letzten Aktualisierung
  • Das Durchschnittsergebnis liegt bei 13 aus 27
Antwortstatistiken
Antwort % Korrekt
Paris
100%
Marseille
96%
Lyon
91%
Strasbourg
91%
Bordeaux
86%
Nice
84%
Toulouse
81%
Lille
75%
Nantes
65%
Montpellier
63%
Rennes
63%
Dijon
56%
Reims
56%
Metz
54%
Grenoble
46%
Cannes
35%
Le Havre
35%
Avignon
28%
Nîmes
26%
Rouen
25%
La Rochelle
14%
Carcassonne
12%
Colmar
12%
Aix-en-Provence
11%
Antibes
5%
Saint-Malo
4%
Le Mont-Saint-Michel
0%
Keine übereinstimmenden Quizze gefunden
Verteilung der Resultate
Anzahl Personen mit jedem Resultat
Perzentil nach korrekt beantworteten Fragen
Ihre Resultats-Entwicklung
Sie haben dieses Quiz seit der letzten Aktualisierung nicht gespielt